Nghiên cứu khả năng chống oxy hóa trên hai loài trùn đất Perionyx excavatus và Lampito mauritii : Báo cáo tổng kết đề tài nghiên cứu khoa học và công nghệ cấp trường

Đề tài này nhằm khảo sát hoạt chất chống oxy hóa trên trùn đất Perionyx excavatus và Lampito mauritii. Đánh giá khả năng chống oxy hóa của bột trung đất bằng thử nghiệm in vivo trên chuột

Đã lưu trong:
書目詳細資料
主要作者: Phan, Thị Bích Trâm
格式: 圖書
語言:Undetermined
出版: Cần Thơ Trường Đại học Cần Thơ 2014
主題:
標簽: 添加標簽
沒有標簽, 成為第一個標記此記錄!
Thư viện lưu trữ: Trung tâm Học liệu Trường Đại học Cần Thơ
LEADER 01192nam a2200229Ia 4500
001 CTU_198341
008 210402s9999 xx 000 0 und d
082 |a 639.7 
082 |b Tr120 
088 |a T2014-28 
100 |a Phan, Thị Bích Trâm 
245 0 |a Nghiên cứu khả năng chống oxy hóa trên hai loài trùn đất Perionyx excavatus và Lampito mauritii : 
245 0 |b Báo cáo tổng kết đề tài nghiên cứu khoa học và công nghệ cấp trường 
245 0 |c Phan Thị Bích Trâm (Chủ nhiệm đề tài) ; Lê Minh Hoàng (Cán bộ phối hợp nghiên cứu) 
260 |a Cần Thơ 
260 |b Trường Đại học Cần Thơ 
260 |c 2014 
520 |a Đề tài này nhằm khảo sát hoạt chất chống oxy hóa trên trùn đất Perionyx excavatus và Lampito mauritii. Đánh giá khả năng chống oxy hóa của bột trung đất bằng thử nghiệm in vivo trên chuột 
650 |a Earthworms,Trùn đất 
904 |i Nguyên 
915 |a NN 
980 |a Trung tâm Học liệu Trường Đại học Cần Thơ